000
00294nam a22001337a 4500
008
170216b xxu||||| |||| 00| 0 eng d
020
_a
9781556424779
041
_a
eng
080
_a
61
100
_a
4
101
_a
SHM
245
_a
COMPREHENSIVE WOUND MANAGEMENT
_c
IRION, G
942
_2
udc
_c
BK
999
_c
5664
_d
5664